Informalidad y desprotección social en Uruguay /

Gardado en:
Detalles Bibliográficos
Autor Principal: Amarante, Verónica
Outros autores: Espino, Alma
Formato: Texto
Etiquetas: Engadir etiqueta
Sen Etiquetas, Sexa o primeiro en etiquetar este rexistro!

MARC

LEADER 00000 a a2200000 04500
001 42426
003
040
100 |a Amarante, Verónica  
245 |a Informalidad y desprotección social en Uruguay /  |c Verónica Amarante ; Alma Espino  
500 |a vero@iecon.ccee.edu.uy   |a alma@iecon.ccee.edu.uy  
700 |a Espino, Alma  
773 |g volumen40, número158 (2009), páginas 33-54 : tablas, gráficos  
999 |c 24484  |d 24484